State Quiz - Goiás - Statistics

General Stats
  • This quiz has been taken 14 times
  • The average score is 12 of 15
Answer Stats
Hint Answer % Correct
State capital Goiânia
100%
Administrative unit surroundedalmost entirely by Goiás Distrito Federal
92%
States that border Goiás Mato Grosso
92%
States that border Goiás Mato Grosso do Sul
85%
Woodland savanna region thatGoiás is part of The {Cerrado}
85%
States that border Goiás Tocantins
85%
DJ known for the 2016 song"Hear Me Now" Alok
77%
Third largest city—almost has thesame name as a U.S. state capital Anápolis
77%
States that border Goiás Bahia
77%
Goiás accelerated in growthafter this nearby city was built Brasília
77%
Hydrothermal resort city {Caldas} Novas
77%
States that border Goiás Minas Gerais
77%
Like in other central Brazil states,this countryside music is popular Sertanejo
77%
Tributary of the Tocantins Riveron the northwestern border Araguaia
69%
Top agricultural export Soybeans
62%
No matching quizzes found
Score Distribution
Percent of People with Each Score
Percentile by Number Answered
Your Score History
You have not taken this quiz